Las ideologías y sus aplicaciones en el siglo XX
Kaydedildi:
| Yazar: | |
|---|---|
| Materyal Türü: | Kitap |
| Dil: | İspanyolca |
| Baskı/Yayın Bilgisi: |
Madrid, Españas
Instituto de Estudios Políticos
1962
|
| Seri Bilgileri: | Ideologías Contemporáneas
|
| Konular: | |
| Etiketler: |
Etiketle
Etiket eklenmemiş, İlk siz ekleyin!
|
MARC
| LEADER | 00000nam a2200000 a 4500 | ||
|---|---|---|---|
| 001 | UCV0413 | ||
| 003 | CL-VaPUC | ||
| 005 | 20211116074322.0 | ||
| 008 | 880914e19620000SP |||||||||||||||||spa|d | ||
| 999 | |c 208913 |d 208911 | ||
| 040 | |c Pontificia Universidad Católica de Valparaíso | ||
| 082 | 0 | 4 | |a 320.9 WEI 1962 |2 21 |
| 100 | 0 | |a Weidlé, Wladimir |e author |9 294956 | |
| 245 | 1 | 4 | |a Las ideologías y sus aplicaciones en el siglo XX |
| 260 | |a Madrid, Españas |b Instituto de Estudios Políticos |c 1962 | ||
| 300 | |a 285 páginas | ||
| 440 | |a Ideologías Contemporáneas |9 856893 | ||
| 583 | |a last modification |c 19880914 00:00:00 |k Rodrigo Vera | ||
| 650 | 0 | |a Ideologías |y SIGLO 20 |9 255200 | |
| 650 | 0 | |a Ciencias Políticas |9 255201 | |
| 852 | |a BIBCUR | ||
| 942 | |c BK |2 ddc | ||
| 945 | |d 19880914 00:00:00 | ||
| 952 | |0 0 |1 0 |4 0 |6 320_900000000000000_WEI_1962 |7 0 |8 P |9 183906 |a BIBEDU |b BIBEDU |c BIBEDU_PB |d 2019-11-14 |i 250720K |o 320.9 WEI 1962 |p 250720K |r 2024-01-25 |w 2019-11-14 |y BK |k FIL | ||
| 952 | |0 0 |1 0 |4 0 |6 320_900000000000000_WEI_1962 |7 0 |8 DER_TF |9 183907 |a BIBDER |b BIBDER |d 2019-11-14 |i 2507218 |o 320.9 WEI 1962 |p 2507218 |r 2023-01-25 |w 2019-11-14 |x Ubicación 4to Piso |y BK |z Estos recursos deben solicitarse con anticipación |k DER | ||
| 952 | |0 0 |1 0 |4 0 |6 320_900000000000000_WEI_1962 |7 0 |8 A |9 183909 |a BIBDER |b BIBDER |d 2019-11-14 |i 2507234 |o 320.9 WEI 1962 |p 2507234 |r 2023-01-25 |w 2019-11-14 |y BK |k DER | ||